000 00822nam a22002177a 4500
003 NALT
005 20250818221616.0
008 231123b th ||||| |||| 00| 0 tha d
020 _a9786160045259
040 _aNALT
100 0 _962192
_aมนต์มิถุนา
245 1 0 _aพระสวามีข้าเป็นชาวนา /
_cมนต์มิถุนา
_h[electronic resource]
260 _aกรุงเทพฯ :
_bวี. พริ้นท์ (1991),
_c2565.
300 _aOnline resource
650 4 _96389
_aนวนิยายจีน
850 _aNALT
856 4 0 _uhttps://ebook.parliament.go.th/ebookall/detail/434170
_zE-Book
942 _cEBK
996 _achunbijaya.r
_bCATSTF
_c2023-11-23
999 _c103880
_d103880
998 _j25
_k นีลวัสน์ อินทรักษา